[Event "CZE-ch U16"]
[Site "Kouty nad Desnou"]
[Date "2024.03.16"]
[Round "9"]
[White "Davidek, Zdenek"]
[Black "Buchta, Bartolomej"]
[Result "1/2-1/2"]
[WhiteElo "2135"]
[BlackElo "1913"]
[PlyCount "114"]
[EventDate "2024.03.09"]
[EventType "swiss"]
[EventRounds "9"]
[EventCountry "CZE"]
[SourceTitle "CB12_2024"]
[SourceDate "2023.10.01"]
[SourceVersion "1"]
[SourceVersionDate "2023.10.01"]
[SourceQuality "1"]

1. Nf3 Nf6 2. c4 e6 3. g3 b6 4. Bg2 Bb7 5. 0-0 Be7 6. d4 0-0 7. Nc3 Ne4 8. Qc2 Nxc3 9. Qxc3 d6 10. Qd3 f5 11. Qe3 Qc8 12. b3 Re8 13. Bb2 Bf6 14. Bh3 Nd7 15. Nd2 g6 16. f3 e5 17. d5 c6 18. dxc6 Bxc6 19. Nb1 e4 20. Bxf6 Nxf6 21. Qd4 Qe6 22. Nc3 exf3 23. exf3 Qe3+ 24. Qxe3 Rxe3 25. Nd5 Nxd5 26. cxd5 Bxd5 27. Rad1 Bb7 28. Rxd6 Rae8 29. Rd7 Bxf3 30. Rxa7 Bc6 31. Rc1 Re1+ 32. Rxe1 Rxe1+ 33. Kf2 Rh1 34. Bf1 Rxh2+ 35. Ke3 b5 36. a4 Rb2 37. axb5 Rxb3+ 38. Kd4 Bxb5 39. Rb7 Bxf1 40. Rxb3 Bh3 41. Rb7 g5 42. Ke5 f4 43. gxf4 gxf4 44. Rb3 Bg4 45. Kxf4 h5 46. Rb7 Kf8 47. Ke5 Ke8 48. Rh7 Kf8 49. Kf6 Ke8 50. Ra7 Kd8 51. Ke5 Ke8 52. Rh7 Kf8 53. Kf6 Ke8 54. Re7+ Kd8 55. Re4 Kd7 56. Kf7 Kd6 57. Kf6 Kd7 1/2-1/2

[Event "Ricany op"]
[Site "Ricany"]
[Date "2023.08.27"]
[Round "3"]
[White "Davidek, Zdenek"]
[Black "Neuman, Petr"]
[Result "0-1"]
[WhiteElo "2051"]
[BlackElo "2370"]
[PlyCount "92"]
[EventDate "2023.08.26"]
[EventType "swiss"]
[EventRounds "9"]
[EventCountry "CZE"]
[SourceTitle "EXT 2024"]
[Source "ChessBase"]
[SourceDate "2023.10.10"]
[SourceVersion "1"]
[SourceVersionDate "2023.10.10"]
[SourceQuality "1"]

1. d4 d6 2. Nf3 Nf6 3. g3 Nbd7 4. Bg2 e5 5. 0-0 e4 6. Nfd2 d5 7. c4 c6 8. Nc3 Be7 9. f3 exf3 10. Bxf3 0-0 11. e4 dxe4 12. Ndxe4 Nxe4 13. Nxe4 Nf6 14. Be3 Bh3 15. Rf2 Re8 16. Ng5 Bc8 17. Qd3 g6 18. Rd1 Bf5 19. Ne4 Bxe4 20. Bxe4 Ng4 21. Re2 Nxe3 22. Rxe3 Bf6 23. Kh1 Qb6 24. b3 Bxd4 25. Qxd4 Rad8 26. Bd5 Rxe3 27. c5 Rxd5 28. Qxd5 Qb4 29. Qd8+ Kg7 30. Qd4+ Qxd4 31. Rxd4 Rc3 32. Ra4 a6 33. Rb4 Rxc5 34. Rxb7 a5 35. a3 Kf6 36. Rb6 Ke5 37. Rb7 Ke6 38. b4 axb4 39. axb4 Rb5 40. Rc7 Rb6 41. Kg2 h5 42. Kf3 g5 43. g4 hxg4+ 44. Kxg4 f6 45. Kh5 Kf5 46. h3 Rxb4 0-1

[Event "Ricany op"]
[Site "Ricany"]
[Date "2023.08.27"]
[Round "2"]
[White "Jirousek, Tadeas"]
[Black "Davidek, Zdenek"]
[Result "0-1"]
[WhiteElo "1791"]
[BlackElo "2051"]
[PlyCount "56"]
[EventDate "2023.08.26"]
[EventType "swiss"]
[EventRounds "9"]
[EventCountry "CZE"]
[SourceTitle "EXT 2024"]
[Source "ChessBase"]
[SourceDate "2023.10.10"]
[SourceVersion "1"]
[SourceVersionDate "2023.10.10"]
[SourceQuality "1"]

1. d4 Nf6 2. Nf3 d5 3. e3 e6 4. Bd3 c5 5. b3 Be7 6. Bb2 0-0 7. 0-0 b6 8. Ne5 Qc7 9. f4 Ba6 10. c4 dxc4 11. bxc4 Rd8 12. Qf3 Bb7 13. Qh3 Nbd7 14. Nd2 Nf8 15. Ndf3 Ne4 16. Ng5 Bxg5 17. fxg5 Nxg5 18. Qh5 f6 19. Ng4 Qf7 20. Qh4 Ng6 21. Qf2 Be4 22. Qc2 Qb7 23. Rae1 f5 24. Ne5 Nxe5 25. Bxe4 Qxe4 26. Qxe4 Nxe4 27. dxe5 Nd2 28. Rc1 Nxf1 0-1

[Event "Ricany op"]
[Site "Ricany"]
[Date "2023.08.26"]
[Round "1"]
[White "Davidek, Zdenek"]
[Black "Mydlar, Matej"]
[Result "1-0"]
[WhiteElo "2051"]
[BlackElo "1668"]
[PlyCount "65"]
[EventDate "2023.08.26"]
[EventType "swiss"]
[EventRounds "9"]
[EventCountry "CZE"]
[SourceTitle "EXT 2024"]
[Source "ChessBase"]
[SourceDate "2023.10.10"]
[SourceVersion "1"]
[SourceVersionDate "2023.10.10"]
[SourceQuality "1"]

1. d4 Nf6 2. c4 e6 3. Nf3 b6 4. g3 Bb7 5. Bg2 Be7 6. 0-0 0-0 7. Nc3 d5 8. Ne5 Nbd7 9. Qa4 Nxe5 10. dxe5 Ne4 11. Nxe4 dxe4 12. Rd1 Qe8 13. Qc2 Rd8 14. Be3 f5 15. exf6 Bxf6 16. Rxd8 Qxd8 17. Bxe4 Bxe4 18. Qxe4 Qc8 19. Rb1 Rd8 20. b3 c5 21. Kg2 Qd7 22. Rc1 Rc8 23. Rc2 Qc6 24. Qxc6 Rxc6 25. Rd2 Rc7 26. Kf3 Kf7 27. Bf4 e5 28. Be3 Ke6 29. Ke4 g5 30. f3 a6 31. Rd5 Rc8 32. a4 a5 33. Bd2 1-0

[Event "Prague Summer op-A 10th"]
[Site "Prague"]
[Date "2023.08.06"]
[Round "3"]
[White "Davidek, Zdenek"]
[Black "Priehoda, Vitezslav"]
[Result "0-1"]
[WhiteElo "2051"]
[BlackElo "2254"]
[PlyCount "68"]
[EventDate "2023.08.04"]
[EventType "swiss"]
[EventRounds "9"]
[EventCountry "CZE"]
[SourceTitle "CBM 215 Extra"]
[Source "ChessBase"]
[SourceDate "2023.09.30"]
[SourceVersion "1"]
[SourceVersionDate "2023.09.30"]
[SourceQuality "1"]

1. d4 c5 2. d5 e5 3. e4 a6 4. a4 d6 5. Nc3 g6 6. Nf3 Bg4 7. Be2 Bxf3 8. Bxf3 h5 9. g3 h4 10. 0-0 Bh6 11. Bxh6 Nxh6 12. Qd2 Qf6 13. Bg2 Nd7 14. Rae1 Qg7 15. f4 hxg3 16. hxg3 0-0-0 17. Nd1 Ng4 18. Ne3 Ndf6 19. Nxg4 Nxg4 20. Bf3 Nh2 21. Rf2 Nxf3+ 22. Rxf3 Rh3 23. Re2 Rdh8 24. Rg2 exf4 25. Rxf4 Qxb2 26. Rxf7 Qa1+ 27. Kf2 Rh1 28. Ke2 Qxa4 29. Rf4 Re8 30. Qd3 g5 31. Rg4 Qa1 32. Qd2 Qf1+ 33. Ke3 Qf5 34. Qe2 Re1 0-1

[Event "CZE-chT2B 2223"]
[Site "Czech Republic"]
[Date "2023.03.26"]
[Round "11.7"]
[White "Davidek, Zdenek"]
[Black "Prochazka, Dalibor"]
[Result "1/2-1/2"]
[WhiteElo "1957"]
[BlackElo "2133"]
[PlyCount "90"]
[EventDate "2022.10.16"]
[EventType "team-tourn"]
[EventRounds "11"]
[EventCountry "CZE"]
[SourceTitle "EXT 2024"]
[Source "ChessBase"]
[SourceDate "2023.10.10"]
[SourceVersion "1"]
[SourceVersionDate "2023.10.10"]
[SourceQuality "1"]
[WhiteTeam "Bohemians"]
[BlackTeam "Karlovy Vary Tietz"]
[WhiteTeamCountry "CZE"]
[BlackTeamCountry "CZE"]

1. d4 d5 2. Nf3 Nf6 3. c4 c6 4. g3 a6 5. Bg2 e6 6. 0-0 Bd6 7. Nc3 0-0 8. Nd2 Nbd7 9. e4 dxe4 10. Ndxe4 Be7 11. Qe2 Nxe4 12. Nxe4 Nf6 13. Rd1 Nxe4 14. Bxe4 f5 15. Bg2 Bf6 16. Be3 Qe7 17. Bf4 Bd7 18. Be5 Rae8 19. Rd3 Bc8 20. Rad1 Bxe5 21. dxe5 f4 22. Be4 Qg5 23. h4 Qh6 24. Kg2 fxg3 25. fxg3 g6 26. Qg4 Qg7 27. Qg5 Qe7 28. Qxe7 Rxe7 29. c5 Ref7 30. R1d2 Re8 31. Rf2 Ref8 32. Rxf7 Kxf7 33. Rf3+ Ke7 34. Rxf8 Kxf8 35. Kf3 Bd7 36. Kf4 Be8 37. h5 Kg7 38. hxg6 Bxg6 39. Bxg6 Kxg6 40. Kg4 h5+ 41. Kh4 Kh6 42. b4 Kg6 43. g4 hxg4 44. Kxg4 Kh6 45. Kh4 Kg6 1/2-1/2

[Event "CZE-ch U16"]
[Site "Teplice"]
[Date "2023.03.16"]
[Round "7"]
[White "Davidek, Zdenek"]
[Black "Mrazek, Adam"]
[Result "1/2-1/2"]
[WhiteElo "1957"]
[BlackElo "1745"]
[PlyCount "100"]
[EventDate "2023.03.11"]
[EventType "swiss"]
[EventRounds "9"]
[EventCountry "CZE"]
[SourceTitle "CBM 213 Extra"]
[Source "ChessBase"]
[SourceDate "2023.05.31"]
[SourceVersion "1"]
[SourceVersionDate "2023.05.31"]
[SourceQuality "1"]

1. e4 c5 2. Nf3 Nc6 3. Bb5 g6 4. Bxc6 bxc6 5. 0-0 Bg7 6. Re1 e5 7. c3 Qb6 8. Na3 Ba6 9. d3 Ne7 10. Rb1 0-0 11. Nc2 Rfe8 12. Be3 Qa5 13. Qd2 d5 14. b4 Qb5 15. c4 dxc4 16. dxc4 Qxc4 17. Bxc5 Rad8 18. Qc1 Rd7 19. Na3 Qxc1 20. Rbxc1 Bb5 21. Nc4 Nc8 22. Rc2 f6 23. g4 h6 24. h4 g5 25. h5 Bf8 26. Ra1 Nb6 27. Bxb6 axb6 28. a4 Ra7 29. Nxb6 Bd3 30. Rc3 Bxe4 31. Nd2 Bd5 32. Nxd5 cxd5 33. Rd3 Bxb4 34. Rxd5 Bxd2 35. Rxd2 Rea8 36. Rda2 Ra5 37. Kg2 Kf7 38. Kf3 Ke6 39. Ra3 f5 40. R1a2 fxg4+ 41. Kxg4 Rf8 42. Rb3 Rf4+ 43. Kg3 Kf5 44. Rb6 Raxa4 45. Rxa4 Rxa4 46. Rxh6 Rg4+ 47. Kf3 Rf4+ 48. Kg3 Rg4+ 49. Kf3 Rf4+ 50. Kg3 Rg4+ 1/2-1/2

[Event "CZE-ch U16"]
[Site "Teplice"]
[Date "2023.03.12"]
[Round "2"]
[White "Davidek, Zdenek"]
[Black "Hladky, Tadeas"]
[Result "0-1"]
[WhiteElo "1957"]
[BlackElo "1973"]
[PlyCount "94"]
[EventDate "2023.03.11"]
[EventType "swiss"]
[EventRounds "9"]
[EventCountry "CZE"]
[SourceTitle "CBM 213 Extra"]
[Source "ChessBase"]
[SourceDate "2023.05.31"]
[SourceVersion "1"]
[SourceVersionDate "2023.05.31"]
[SourceQuality "1"]

1. d4 Nf6 2. Nf3 e6 3. c4 b6 4. g3 Ba6 5. b3 Bb4+ 6. Bd2 Be7 7. Bg2 c6 8. 0-0 d5 9. Qc2 0-0 10. Rd1 Nbd7 11. Bg5 Rc8 12. Nc3 h6 13. Bxf6 Bxf6 14. e4 dxc4 15. e5 Be7 16. Ne4 cxb3 17. axb3 Nb8 18. Ra4 Rc7 19. Rda1 Qc8 20. Nc3 Rd8 21. Qa2 c5 22. d5 exd5 23. Rxa6 Nxa6 24. Qxa6 c4 25. bxc4 Qxa6 26. Rxa6 Rxc4 27. Rxa7 Bc5 28. Na4 Rc2 29. Nxc5 bxc5 30. Ra1 d4 31. Rd1 d3 32. Ne1 Rc3 33. Kf1 c4 34. Be4 Rd4 35. f3 Ra3 36. Kf2 Ra2+ 37. Ke3 Rd8 38. h4 Re2+ 39. Kf4 Rd4 40. h5 Kf8 41. Nxd3 cxd3 42. e6 fxe6 43. Ke5 Rd8 44. Kxe6 d2 45. Kf5 Re1 46. Bc2 Rxd1 47. Bxd1 Re8 0-1

[Event "Ricany op 20th"]
[Site "Ricany"]
[Date "2022.08.30"]
[Round "5"]
[White "Vetrovsky, Michal"]
[Black "Davidek, Zdenek"]
[Result "1-0"]
[WhiteElo "2122"]
[BlackElo "1621"]
[PlyCount "48"]
[EventDate "2022.08.27"]
[EventType "swiss"]
[EventRounds "9"]
[EventCountry "CZE"]
[SourceTitle "CBM 210 Extra"]
[Source "ChessBase"]
[SourceDate "2022.11.30"]
[SourceVersion "1"]
[SourceVersionDate "2022.11.30"]
[SourceQuality "1"]

1. Nf3 Nf6 2. g3 d5 3. Bg2 e6 4. b3 Be7 5. Bb2 0-0 6. 0-0 c5 7. d3 b6 8. Nbd2 Bb7 9. Re1 Nc6 10. e3 Qc7 11. a3 Rad8 12. d4 Ne4 13. Qe2 Na5 14. dxc5 bxc5 15. Nxe4 dxe4 16. Nd2 f5 17. Rad1 c4 18. Bc3 cxb3 19. Bxa5 Qxa5 20. Nxb3 Qa4 21. Bf1 Bd6 22. Nc5 Qc6 23. Nxb7 Qxb7 24. Rb1 Qc6 1-0

[Event "Ricany op 20th"]
[Site "Ricany"]
[Date "2022.08.28"]
[Round "3"]
[White "Davidek, Zdenek"]
[Black "Skypala, Ondrej"]
[Result "1/2-1/2"]
[WhiteElo "1621"]
[BlackElo "2140"]
[PlyCount "97"]
[EventDate "2022.08.27"]
[EventType "swiss"]
[EventRounds "9"]
[EventCountry "CZE"]
[SourceTitle "CBM 210 Extra"]
[Source "ChessBase"]
[SourceDate "2022.11.30"]
[SourceVersion "1"]
[SourceVersionDate "2022.11.30"]
[SourceQuality "1"]

1. e4 c5 2. Nf3 d6 3. Bb5+ Bd7 4. Bxd7+ Nxd7 5. 0-0 g6 6. c3 Bg7 7. d4 Rc8 8. Re1 e6 9. Bf4 Nb6 10. d5 e5 11. Be3 Nf6 12. Nfd2 0-0 13. f3 Nh5 14. c4 Nd7 15. Nc3 a6 16. Nb3 f5 17. Nc1 Ndf6 18. Nd3 fxe4 19. Nxe4 Nxe4 20. fxe4 Qh4 21. Bf2 Qg5 22. Be3 Qh4 23. Bf2 Qe7 24. Rf1 Nf4 25. g3 Nh3+ 26. Kg2 Ng5 27. Qe2 Qd7 28. g4 h5 29. Bh4 Nh7 30. gxh5 g5 31. Bg3 b5 32. cxb5 axb5 33. h3 Rxf1 34. Rxf1 Ra8 35. a3 Nf6 36. h6 Bh8 37. Rf5 Qh7 38. Rxg5+ Kf7 39. Rf5 Qxh6 40. Nf2 Kg8 41. Ng4 Nxg4 42. Qxg4+ Bg7 43. Bh4 Ra7 44. Bg5 Qg6 45. Bf6 Qxg4+ 46. hxg4 Bf8 47. Rf2 Ra4 48. Kf3 Kf7 49. Bg5 1/2-1/2

[Event "CZE-ch U14"]
[Site "Herlikovice"]
[Date "2021.10.28"]
[Round "7"]
[White "Svoboda, Ondrej"]
[Black "Davidek, Zdenek"]
[Result "0-1"]
[WhiteElo "1214"]
[BlackElo "1438"]
[PlyCount "88"]
[EventDate "2021.10.23"]
[EventType "swiss"]
[EventRounds "9"]
[EventCountry "CZE"]
[SourceTitle "EXT 2023"]
[Source "ChessBase"]
[SourceDate "2022.10.05"]
[SourceVersion "1"]
[SourceVersionDate "2022.10.05"]
[SourceQuality "1"]

1. d4 Nf6 2. Bf4 e6 3. e3 d5 4. Nf3 c5 5. c3 Bd6 6. Bg3 0-0 7. Bd3 Nc6 8. 0-0 b6 9. Nbd2 Bb7 10. Re1 Re8 11. Bb5 a6 12. Ba4 b5 13. Bc2 a5 14. b3 Rc8 15. Rc1 Ba6 16. Bd3 e5 17. dxe5 Nxe5 18. Nxe5 Bxe5 19. Bxe5 Rxe5 20. Nf3 Re7 21. Bf5 Rb8 22. Qc2 c4 23. Nd4 Qd6 24. e4 Rbe8 25. Bxh7+ Nxh7 26. Nf5 Qf6 27. Nxe7+ Qxe7 28. e5 Qg5 29. bxc4 dxc4 30. Qe2 Bb7 31. f3 Nf8 32. Qe3 Qg6 33. Red1 f6 34. e6 Rxe6 35. Qf2 Re5 36. Re1 Rg5 37. Re2 Qd3 38. Re3 Qd5 39. Qe2 Qc5 40. Qf2 b4 41. cxb4 axb4 42. a3 b3 43. Rec3 Ba6 44. Kf1 Qxa3 0-1

[Event "CZE-ch U14"]
[Site "Herlikovice"]
[Date "2021.10.27"]
[Round "5"]
[White "Davidek, Zdenek"]
[Black "Dobsa, Emma"]
[Result "1-0"]
[WhiteElo "1438"]
[BlackElo "1555"]
[PlyCount "138"]
[EventDate "2021.10.23"]
[EventType "swiss"]
[EventRounds "9"]
[EventCountry "CZE"]
[SourceTitle "EXT 2023"]
[Source "ChessBase"]
[SourceDate "2022.10.05"]
[SourceVersion "1"]
[SourceVersionDate "2022.10.05"]
[SourceQuality "1"]

1. e4 e5 2. Nf3 Nc6 3. Bb5 Nf6 4. d3 Bc5 5. Bxc6 dxc6 6. Nbd2 0-0 7. Nc4 Nd7 8. Qe2 f6 9. Bd2 Nb6 10. Ne3 Be6 11. h4 Qd7 12. h5 a5 13. Nh4 a4 14. a3 Bd4 15. Nd1 Bg4 16. f3 Bxh5 17. Nf5 Bg6 18. Nxd4 Qxd4 19. Bc3 Qd7 20. g4 Rae8 21. Ne3 Nc8 22. 0-0-0 c5 23. Nf5 Nd6 24. Bd2 Nb5 25. c3 Nd6 26. Be3 b6 27. Rh2 Rd8 28. Rhh1 Rf7 29. Rh4 Qe6 30. Rdh1 Rfd7 31. c4 Nf7 32. Rd1 Qc6 33. Qc2 b5 34. Rh2 Qa6 35. Rhd2 Bxf5 36. gxf5 bxc4 37. dxc4 Rxd2 38. Rxd2 Rxd2 39. Kxd2 Nd6 40. Kd3 Qc6 41. Qf2 Nb7 42. Qg2 Qd6+ 43. Kc2 Qb6 44. Bh6 Qb3+ 45. Kb1 Qd3+ 46. Ka1 Qd7 47. Bd2 Kf7 48. Qh2 Qd3 49. Qh5+ Kf8 50. Bc3 Qf1+ 51. Ka2 Qxc4+ 52. Ka1 Qg8 53. Qh1 g6 54. Qd1 gxf5 55. Qd7 Nd6 56. Qd8+ Ne8 57. exf5 Qg1+ 58. Ka2 Qg2 59. Qd5 Qg8 60. Qxg8+ Kxg8 61. b3 axb3+ 62. Kxb3 Nd6 63. a4 Nb7 64. a5 Nxa5+ 65. Bxa5 h5 66. Be1 Kh7 67. Kc4 Kh6 68. Bh4 Kg7 69. Kxc5 Kf8 1-0